| 000 | 00491nmm a2200157Ia 4500 | ||
|---|---|---|---|
| 008 | 251105s9999||||xx |||||||||||||||||und|| | ||
| 020 | _a9781558859685 | ||
| 041 |
_aspa _aeng |
||
| 100 | _aColato Laínez, René | ||
| 245 | 0 | _aDo I Belong Here? = ¿Es este mi lugar? | |
| 264 |
_a[Washington, Estados Unidos] : _bArte Público Press, _c2023 |
||
| 300 | _a33 páginas | ||
| 650 | _aTeen & Young Adult Non Fiction | ||
| 856 | _uhttps://public.digitaliapublishing.com/a/127820 | ||
| 942 | _cCF | ||
| 999 |
_c74976 _d74976 |
||